[Event "Challenge"]
[Site "http://www.queenalice.com/game.php?id=1792750"]
[Date "2022.7.18"]
[Round "-"]
[White "Racey"]
[Black "game"]
[Result "1-0"]
[WhiteElo "1550"]
[BlackElo "1480"]

1. h4 d5 2. a4 Nc6 3. a5 Bf5 4. h5 Nb4 5. Na3 e6 6. c3 Nc6 7. b4 h6 8. Nc2 Qf6
9. Ne3 O-O-O 10. g4 Be4 11. f3 d4 12. cxd4 Bd5 13. Nc2 Bb3 14. e3 Bd6 15. Ba3
Bd5 16. e4 Bb3 17. d5 Be5 18. Rb1 Nd4 19. Bd3 Bxc2 20. Bxc2 Bg3+ 21. Kf1 Ne7 22.
Rh3 Qf4 23. b5 exd5 24. Bxe7 Rd7 25. Bc5 Ne6 26. Bxa7 b6 27. axb6 Kb7 28. Kg2
Ng5 29. Rxg3 cxb6 30. Ra1 Qe5 31. Ra6 dxe4 32. Bxb6 Qxb5 33. fxe4 Qxa6 34. Be3
Rhd8 35. Bxg5 hxg5 36. Nf3 g6 37. h6 f5 38. exf5 gxf5 39. gxf5 Qxh6 40. d4 Qh5
41. Be4+ Kc8 42. Qc1+ Rc7 43. Qd2 Rh8 44. Rxg5 Qh3+ 45. Kf2 Qh1 46. Rg1 Qh5 47.
d5 Re8 48. Bd3 Qh7 49. d6 Rd7 50. Rc1+ Kd8 51. Qa5+ Rc7 52. dxc7+ Kc8 53. Ba6+
Kd7 54. Rd1+ Ke7 55. Qc5+ Kf6 56. Rd6+ Kf7 57. Ng5+ Kg7 58. Nxh7 Kxh7 59. f6 1-0

[Event "Challenge"]
[Site "http://www.queenalice.com/game.php?id=1794038"]
[Date "2022.8.11"]
[Round "-"]
[White "game"]
[Black "Racey"]
[Result "0-1"]
[WhiteElo "1421"]
[BlackElo "1539"]

1. e4 e5 2. Nf3 Bd6 3. Bc4 Nf6 4. Ng5 O-O 5. Bxf7+ Rxf7 6. Nxf7 Kxf7 7. d3 h5 8.
d4 h4 9. Bg5 Nc6 10. dxe5 Nxe5 11. Bxh4 Ng6 12. Bg5 Be5 13. c4 Bxb2 14. Nc3
Bxc3+ 15. Ke2 Qe7 16. Rc1 Qxe4+ 17. Be3 Qxc4+ 18. Kf3 Nh4+ 19. Kg3 Be5+ 20. Kh3
d5+ 21. g4 Qxa2 22. Kxh4 Bxg4 23. f3 Rh8+ 24. Kg5 Rh5# 0-1

[Event "Challenge"]
[Site "http://www.queenalice.com/game.php?id=1794250"]
[Date "2022.8.14"]
[Round "-"]
[White "game"]
[Black "Racey"]
[Result "0-1"]
[WhiteElo "1504"]
[BlackElo "1563"]

1. e4 e5 2. Nf3 Bd6 3. Bc4 Nh6 4. Ng5 c5 5. d3 a5 6. Qh5 O-O 7. Bxf7+ Rxf7 8.
Nxf7 Nxf7 9. Qg4 b5 10. O-O g5 11. Nc3 b4 12. f4 bxc3 13. bxc3 exf4 14. g3 fxg3
15. hxg3 Ne5 16. Qf5 h5 17. Bxg5 Qe8 18. Rab1 Nbc6 19. d4 Ng4 20. Qf7+ Qxf7 21.
e5 Qe6 22. Kg2 c4 23. Rf6 Nxf6 24. Rf1 Nh7 25. Bf4 Be7 26. Rd1 Qg4 27. Rh1 Qe2+
28. Kh3 Qxc2 29. d5 Qf5+ 30. Kg2 Na7 31. d6 Bf8 32. Kf3 Qd3+ 33. Be3 Qf5+ 34.
Ke2 Qxe5 35. Rh4 Qxc3 36. Bd2 Qe5+ 37. Kf2 Bxd6 38. Rxc4 Qxg3+ 39. Ke2 Ba6 0-1

[Event "Challenge"]
[Site "http://www.queenalice.com/game.php?id=1794581"]
[Date "2022.8.19"]
[Round "-"]
[White "Racey"]
[Black "Rovigo"]
[Result "0-1"]
[WhiteElo "1577"]
[BlackElo "1474"]

1. e4 e5 2. Bc4 Nc6 3. a4 Nf6 4. Qf3 Nd4 5. Qc3 d6 6. b4 h5 7. Bd3 d5 8. exd5
Nxd5 9. Qc4 c6 10. Ba3 a5 11. b5 cxb5 12. axb5 Bxa3 13. Nxa3 Be6 14. h4 Nb4 15.
Qc5 b6 16. Qc3 Rc8 17. Qb2 f5 18. c4 f4 19. Nh3 Bxh3 20. gxh3 Qxh4 21. Bg6+ Ke7
22. Kf1 Rh6 23. Be4 g5 24. Bb7 Rb8 25. Bg2 f3 26. Re1 fxg2+ 27. Kxg2 Nd3 28. Qc3
Nxe1+ 29. Rxe1 Rf6 30. Qe3 Ne6 31. Re2 Rg8 32. Qg3 Qxg3+ 33. fxg3 Nd4 34. Rxe5+
Re6 35. Re3 Rxe3 36. dxe3 Ne2 37. Kf2 Nc3 38. Kf3 g4+ 39. hxg4 hxg4+ 40. Kf4
Ne2+ 41. Ke4 Nxg3+ 42. Kf4 Ne2+ 43. Ke4 Nc3+ 44. Kd3 g3 45. Kxc3 g2 46. e4 g1=Q
47. e5 Qe3+ 48. Kb2 Qxe5+ 49. Kc2 Rg3 50. Nb1 Qe2+ 51. Nd2 Qd3+ 52. Kb2 Qxd2+
53. Kb1 Rg1# 0-1

[Event "Challenge"]
[Site "http://www.queenalice.com/game.php?id=1796127"]
[Date "2022.9.13"]
[Round "-"]
[White "game"]
[Black "Racey"]
[Result "0-1"]
[WhiteElo "1326"]
[BlackElo "1578"]

1. e4 e5 2. Nf3 Qf6 3. d4 Bd6 4. Bg5 Qe6 5. d5 Qg6 6. Bc4 Qxe4+ 7. Be2 Bb4+ 8.
Nbd2 Qxd5 9. Bc4 Qd6 10. O-O a5 11. Ne4 Qxd1 12. Rfxd1 Nc6 13. Rd3 f5 14. Ng3 f4
15. Nf5 e4 16. Rdd1 exf3 17. Nxg7+ Kf8 18. Nh5 Nge7 19. Bf6 Rg8 20. Bxg8 Nxg8
21. Bg7+ Kf7 22. gxf3 Nh6 23. Bxh6 Kg6 24. a3 Kxh5 25. Bxf4 Bc5 26. Rd5+ Kg6 27.
Rg5+ Kf6 28. Rxc5 Nd4 29. Kg2 c6 30. Rd1 Ne6 31. Rc4 b5 32. Re4 Nc5 33. Re8 Bb7
34. Re5 a4 35. Rxc5 d5 36. Rc3 Kf5 37. Re3 Kxf4 38. Rd4+ Kf5 39. Kg3 Rg8+ 40.
Kh3 h5 41. Re7 Bc8 42. Rc7 Ke5+ 43. Kh4 Kxd4 44. Kxh5 c5 45. h4 c4 46. Kh6 Bf5
47. Rf7 Bxc2 48. h5 Ke5 49. Re7+ Kf4 50. Re5 Kxe5 51. f4+ Kxf4 52. b3 axb3 53.
a4 bxa4 0-1

[Event "Challenge"]
[Site "http://www.queenalice.com/game.php?id=1796128"]
[Date "2022.9.13"]
[Round "-"]
[White "Racey"]
[Black "game"]
[Result "1-0"]
[WhiteElo "1569"]
[BlackElo "1395"]

1. c4 e5 2. Nf3 d5 3. Qa4+ Bd7 4. Qb3 e4 5. Nd4 c5 6. Nc2 d4 7. h4 h5 8. a4 a5
9. Qxb7 Nc6 10. Nba3 d3 11. Ne3 dxe2 12. Bxe2 Rb8 13. Qa6 Nb4 14. Qa7 Ra8 15.
Qb7 Bxa4 16. Qxe4+ Be7 17. Nf5 g6 18. Ng3 Nc2+ 19. Nxc2 Nf6 20. Qd3 Bd7 21. f4
Ra6 22. Bf3 Qc7 23. Qe3 O-O 24. Ne4 Re6 25. d3 Nh7 26. Bd2 Qb6 27. g4 Qxb2 28.
Rc1 Rb6 29. Bxa5 Ra6 30. Bc3 Qb3 31. g5 Ra2 32. Bd1 Rfa8 33. O-O Qxc3 34. Nxc3
R2a6 35. Qxe7 Bh3 36. Rf3 Bg4 37. Re3 R8a7 38. Qe8+ Kg7 39. Qe5+ Kg8 40. Qxc5 f6
41. Bxg4 hxg4 42. Rg3 f5 43. d4 Nf8 44. d5 Nd7 45. Qc8+ Kf7 46. Re1 Rd6 47. Qe8+
Kg7 48. Re7# 1-0

[Event "Challenge"]
[Site "http://www.queenalice.com/game.php?id=1796129"]
[Date "2022.9.13"]
[Round "-"]
[White "game"]
[Black "Racey"]
[Result "0-1"]
[WhiteElo "1448"]
[BlackElo "1557"]

1. b4 e5 2. e4 Bxb4 3. Ba3 Ba5 4. Nf3 Qf6 5. Bb2 Nc6 6. Bc4 g5 7. O-O g4 8. Nxe5
Nxe5 9. f3 Bb6+ 10. d4 Nxc4 11. fxg4 Qg6 12. Bc3 Qxe4 13. Re1 Ne3 14. Qd2 Ne7
15. d5 N7xd5 16. Bxh8 a5 17. Nc3 Nxg2+ 18. Bd4 Qe3+ 19. Rxe3+ Ngxe3 20. Nxd5
Nxd5 21. Kf1 Nb4 22. Bf6 d5 23. a3 Nc6 24. Qh6 Bxg4 25. Re1+ Be6 26. Qxh7 Kd7
27. Rd1 Bc5 28. Rb1 b6 29. Bc3 Bxa3 30. Bf6 a4 31. Kf2 Bc5+ 32. Kf3 a3 33. Re1
a2 34. Bb2 b5 35. Ba1 d4 36. Qd3 Bb4 37. Rg1 Ne5+ 38. Ke2 Nxd3 39. Kxd3 c5 40.
h4 Bf5+ 41. Ke2 Bxc2 0-1

[Event "Challenge"]
[Site "http://www.queenalice.com/game.php?id=1798451"]
[Date "2022.10.21"]
[Round "-"]
[White "Racey"]
[Black "Rovigo"]
[Result "1-0"]
[WhiteElo "1584"]
[BlackElo "1494"]

1. e4 e5 2. Qh5 d6 3. b4 Nf6 4. Qf3 Bg4 5. Qd3 Nc6 6. b5 Nb4 7. Qc4 a5 8. h4 Be6
9. Qc3 Nxe4 10. Qb2 a4 11. Na3 d5 12. Qxe5 f6 13. Qxe6+ Be7 14. Qg4 h5 15. Qxg7
Kd7 16. d4 Rg8 17. Qh6 Bf8 18. Qxh5 c6 19. Qf5+ Ke8 20. Qe6+ Qe7 21. Qxg8 Ng3+
22. Be3 Nxh1 23. b6 Rd8 24. g4 Rd6 25. Bg2 Nxf2 26. Kxf2 Re6 27. Qg6+ Kd7 28.
Qf5 Bg7 29. Bd2 Kd6 30. Bxb4+ c5 31. Bxc5+ Kc6 32. Bxd5+ Kd7 33. Bxe7 Kxe7 34.
Qxe6+ Kd8 35. Bxb7 Bf8 36. Nb5 Bg7 37. c4 f5 38. Qxf5 Ke7 39. Re1+ Kd8 40. Qg5+
1-0

[Event "Challenge"]
[Site "http://www.queenalice.com/game.php?id=1801556"]
[Date "2022.12.9"]
[Round "-"]
[White "Rovigo"]
[Black "Racey"]
[Result "1-0"]
[WhiteElo "1482"]
[BlackElo "1596"]

1. e4 e5 2. Nf3 Bd6 3. Nc3 a5 4. d3 a4 5. b3 a3 6. Bg5 f6 7. Bh4 g5 8. Bg3 g4 9.
Nh4 h5 10. Ng6 Rh6 11. Nh4 Bb4 12. Qd2 Nc6 13. Nf5 Rg6 14. f4 exf4 15. Bxf4 Na5
16. h3 c5 17. hxg4 hxg4 18. Rh8 g3 19. Be2 Nc6 20. Bh5 Ne7 21. Nxe7 Qxe7 22.
Bxg6+ Kf8 23. Bh6+ Qg7 24. Bxg7+ Kxg7 25. Rxg8+ Kxg8 26. Ke2 Kg7 27. Bf5 Ra5 28.
Rh1 b5 29. Qh6+ Kf7 30. Qh8 Ke7 31. Rh7+ Kd6 32. Qxc8 Ke5 33. Re7+ Kd4 34. Nd5
d6 35. Nxb4 Kc3 36. Nd5+ Kxc2 37. Nb4+ Kb2 38. Qc7 cxb4 39. Qxa5 Kxa2 40. Qxb4
Kb2 41. Qd2+ Kb1 42. Ra7 a2 43. Rxa2 b4 44. Qb2# 1-0

[Event "AUTO-INT-3793"]
[Site "http://www.queenalice.com/game.php?id=1803476"]
[Date "2023.1.7"]
[Round "1"]
[White "eloy"]
[Black "Racey"]
[Result "1-0"]
[WhiteElo "1619"]
[BlackElo "1542"]

1. e4 e5 2. Nf3 Qf6 3. d3 h5 4. h4 Bb4+ 5. c3 Ba5 6. Bg5 Qe6 7. Nbd2 b5 8. a3 c5
9. Nb3 Bb6 10. a4 bxa4 11. Rxa4 a5 12. Be3 Qd6 13. Be2 Ne7 14. Ng5 Nbc6 15. O-O
Ng6 16. Rc4 Nxh4 17. Nxc5 f6 18. Nf3 Ng6 19. Qd2 h4 20. Ng5 fxg5 21. Na4 Bd8 22.
Bg4 Qf6 23. Bxg5 Qf7 24. Bxd8 Nxd8 25. Nb6 Bb7 26. Bxd7+ Ke7 27. Qg5+ Kd6 28.
Qg4 Ra6 29. Nc8+ Bxc8 30. Bxc8 Rb6 31. Bf5 Nf4 32. d4 Qxc4 33. dxe5+ Kxe5 34.
Qxg7+ Kd6 35. Qd7+ Kc5 36. Qc7+ Rc6 37. Qxf4 Qb3 38. Qe3+ Kb5 39. Bd7 Qxb2 40.
Qd3+ Kb6 41. Rb1 Rxc3 42. Rxb2+ Kc7 43. Qxc3+ Kxd7 44. Qxh8 Nc6 45. Rd2+ Kc7 46.
Qg7+ Kb6 47. Rb2+ Kc5 48. Qd7 Nb4 49. Rxb4 axb4 50. Qd2 Kc4 51. Qb2 b3 52. e5
Kd5 53. Kh2 Ke6 54. f4 Kf5 55. g3 hxg3+ 56. Kxg3 Ke6 57. Qxb3+ Ke7 58. Qb6 Kd7
59. Kg4 Ke7 60. Kf5 Kd7 61. Qb7+ Kd8 62. Ke6 Ke8 63. Qc8# 1-0

[Event "AUTO-INT-3793"]
[Site "http://www.queenalice.com/game.php?id=1803477"]
[Date "2023.1.7"]
[Round "1"]
[White "Racey"]
[Black "eloy"]
[Result "1/2-1/2"]
[WhiteElo "1529"]
[BlackElo "1664"]

1. e4 e5 2. Bb5 Nf6 3. Qf3 c6 4. Bc4 b5 5. Bb3 a5 6. a4 b4 7. g4 h6 8. h4 d6 9.
h5 Bxg4 10. Qe3 c5 11. c4 Nc6 12. f3 Be6 13. Ne2 Nd4 14. Ng3 Be7 15. O-O Bh3 16.
Rf2 O-O 17. Rh2 Qd7 18. Ne2 Nxh5 19. Nxd4 exd4 20. Qf2 Nf4 21. Bc2 d3 22. Bd1
Qe6 23. Bb3 Bf6 24. Qe1 Ne2+ 25. Kf2 Bh4+ 26. Ke3 Bg3 27. Qh1 Bf4+ 28. Kxd3 Bxh2
29. Kxe2 Bf4 30. Qe1 Qg6 31. Qh4 Qg2+ 32. Qf2 Qxf2+ 33. Kxf2 Rfe8 34. Bc2 Re5
35. Ke2 Rb8 36. b3 Rd8 37. Bb2 Re6 38. d4 cxd4 39. Bxd4 Be5 40. Bxe5 Rxe5 41. f4
Re7 42. f5 Bxf5 43. Nd2 Rc8 44. Kf3 Bg6 45. Ke3 Rc5 46. Kd4 h5 47. Nf3 f6 48.
Nh4 Rg5 49. Nxg6 Rxg6 50. Kd5 f5 51. exf5 Rf6 52. Rh1 Re5+ 53. Kc6 d5+ 54. Kc5
dxc4+ 55. Kxc4 Rc6+ 56. Kd4 Rec5 57. Be4 Rc7 58. Rxh5 Rc3 59. Bd5+ Kf8 60. Rg5
Rxb3 61. Bxb3 Rc3 62. Bd5 Ra3 63. Bc6 Rc3 64. Bd7 Rc1 65. Be6 Rf1 66. Kc5 Re1
67. Kb5 Re5+ 68. Ka6 Rc5 69. Kb6 Re5 70. Rh5 Ke7 71. Ka6 Kf6 72. Kb6 Ke7 73. Rg5
Kf8 74. Rg6 Re3 75. Kxa5 b3 76. f6 gxf6 77. Rxf6+ Ke7 78. Rg6 Rxe6 79. Rg1 Re2
80. Rb1 b2 81. Kb6 Rc2 82. a5 Rc8 83. Rxb2 Rb8+ 84. Kc7 Rxb2 85. a6 Rc2+ 86. Kb6
Ra2 87. a7 Rb2+ 88. Kc7 Ra2 89. Kb7 Kd7 90. a8=Q Rxa8 91. Kxa8 Kc7 92. Ka7 Kc6
93. Ka6 Kc5 1/2-1/2

[Event "AUTO-INT-3793"]
[Site "http://www.queenalice.com/game.php?id=1803490"]
[Date "2023.1.7"]
[Round "1"]
[White "NeeneNY"]
[Black "Racey"]
[Result "1-0"]
[WhiteElo "1510"]
[BlackElo "1579"]

1. e4 e5 2. Nf3 Qf6 3. Bc4 Qf4 4. Bd3 g5 5. O-O g4 6. Nxe5 Qxe5 7. Qxg4 h5 8.
Qe2 a5 9. Nc3 h4 10. Bc4 a4 11. a3 c5 12. Qf3 Nf6 13. Bb5 Nh5 14. g3 Nf6 15. b3
axb3 16. cxb3 h3 17. Ra2 Bh6 18. Ne2 Nxe4 19. Bb2 Qd5 20. Bxh8 Ra5 21. Bc4 Qc6
22. Bxf7+ Ke7 23. d3 d5 24. dxe4 dxe4 25. Qh5 b5 26. f4 Nd7 27. Bg6 Bf8 28. Qg5+
Kd6 29. f5 Be7 30. Rd2+ Kc7 31. Qxe7 Qxg6 32. Be5+ Kb7 33. fxg6 Rxa3 34. Rxd7+
Bxd7 35. Qxd7+ Ka6 36. g7 Rxb3 37. g8=Q Ra3 38. Qa8+ Kb6 39. Qxa3 b4 40. Qaa7#
1-0

[Event "AUTO-INT-3793"]
[Site "http://www.queenalice.com/game.php?id=1803491"]
[Date "2023.1.7"]
[Round "1"]
[White "Racey"]
[Black "NeeneNY"]
[Result "0-1"]
[WhiteElo "1562"]
[BlackElo "1525"]

1. e4 e5 2. Qh5 Qf6 3. Nf3 g6 4. Qg4 Nc6 5. h4 d6 6. Qg3 Be6 7. c4 O-O-O 8. Na3
a6 9. Bd3 Bh6 10. h5 Nge7 11. hxg6 hxg6 12. Nc2 d5 13. c5 d4 14. b4 b5 15. Ba3
Bf4 16. Qh4 Rxh4 17. Rxh4 g5 18. Rh7 g4 19. Nh4 Bg5 20. g3 Ng6 21. Ng2 Bc4 22.
Bxc4 bxc4 23. O-O-O d3 24. Nce1 c3 25. Ne3 c2 26. Nxg4 Qe6 27. Ne3 Qxa2 28.
N1xc2 dxc2 29. Nxc2 Nd4 30. Nxd4 Qxa3+ 31. Kc2 Qxb4 32. Rxf7 Qxd4 33. d3 Qa4+
34. Kc3 Qd4+ 35. Kb3 Qxf2 36. Rxf2 Be3 37. Rf6 Ne7 38. Rxa6 Bxc5 39. Kc4 Rd6 40.
Ra5 Bd4 41. g4 Rg6 42. Rg1 Bxg1 43. Rxe5 Nc6 44. Kd5 Nxe5 45. Kxe5 Rxg4 46. d4
Kd7 47. d5 Ke7 48. Kf5 Rg2 49. e5 Rf2+ 50. Ke4 Rc2 51. e6 c5 52. Ke5 c4 53. d6+
Ke8 54. Kd5 c3 55. d7+ Kd8 56. Kd6 Rd2+ 57. Ke5 Bc5 58. Kf6 c2 59. Ke5 c1=Q 60.
Kf6 Qc3+ 61. Kf7 Rf2+ 62. Kg6 Qg3+ 63. Kh5 Rh2# 0-1

[Event "AUTO-INT-3793"]
[Site "http://www.queenalice.com/game.php?id=1803500"]
[Date "2023.1.7"]
[Round "1"]
[White "Racey"]
[Black "Bomboche"]
[Result "1-0"]
[WhiteElo "1575"]
[BlackElo "1287"]

1. e4 Nf6 2. e5 Nd5 3. c4 Nf4 4. d4 Ne6 5. b4 Nc6 6. d5 Nxb4 7. dxe6 d6 8. Ba3
Nc6 9. Bd3 Bxe6 10. exd6 exd6 11. g4 Ne5 12. Be2 c5 13. Qa4+ Nd7 14. Bf3 Be7 15.
Nd2 O-O 16. Nb3 Nb6 17. Be2 Nxa4 18. h4 Bxh4 19. O-O-O d5 20. Nxc5 Bg5+ 21. Kc2
Qa5 22. Nxb7 Rfc8 23. Nxa5 dxc4 24. Bxc4 Rc5 25. Bxc5 Nxc5 26. Bxe6 fxe6 27. Rh5
Rc8 28. Rd4 Ne4+ 29. Rc4 Bd8 30. Rxc8 Nxf2 31. Rxd8+ Kf7 32. Rd7+ Kf6 33. Rxh7
Nxg4 34. Rhxg7 Ne3+ 35. Kd3 Nf5 36. Rgf7+ Ke5 37. Rxa7 Nd6 38. Rfd7 Nb5 39. Nf3+
Kf4 40. Rf7+ Kg3 41. Rae7 Nd6 42. Rf6 Nc8 43. Rexe6 Kf2 44. Re2+ Kf1 45. Nh4+
Kg1 46. Rg6+ Kf1 47. Rgg2 Nd6 48. Kd4 Nb5+ 49. Kd3 Nd6 50. Kd2 Nf7 51. Re1# 1-0

[Event "AUTO-INT-3793"]
[Site "http://www.queenalice.com/game.php?id=1803501"]
[Date "2023.1.7"]
[Round "1"]
[White "Bomboche"]
[Black "Racey"]
[Result "0-1"]
[WhiteElo "1119"]
[BlackElo "1560"]

1. e4 e5 2. Nf3 Bd6 3. Bc4 Nf6 4. Ng5 O-O 5. d4 h5 6. O-O Nc6 7. d5 Na5 8. Bd3
h4 9. b4 Bxb4 10. c3 Bc5 11. Nf3 Ng4 12. Nbd2 g5 13. Qa4 Bb6 14. Ne1 c5 15. Ndf3
f6 16. Be3 d6 17. c4 Nh6 18. Nc2 Bd7 19. Qa3 Bg4 20. Nce1 Bxf3 21. Nxf3 Nf7 22.
g3 h3 23. Ne1 g4 24. f3 gxf3 25. Rxf3 Kg7 26. Rf5 Rh8 27. Nf3 Qe7 28. g4 Bc7 29.
Qb2 Qd7 30. g5 fxg5 31. Be2 g4 32. Ng5 Nh6 33. Rf2 Kg6 34. Qc2 b6 35. a4 Nb7 36.
Ne6 Nf7 37. Bxg4 Qe7 38. Bf5+ Kh5 39. Ng7+ Kh4 40. Qe2 Qg5+ 41. Bxg5+ Kxg5 42.
Qh5+ Rxh5 43. Ne6+ Kh6 44. Bg4 Na5 45. Nxc7 Rf8 46. Rf6+ Kg5 47. Ne6+ Kxf6 48.
Nxf8 Rh4 49. Rf1+ Kg7 50. Ne6+ Kg8 51. Bf5 Rh6 52. Bg4 Nxc4 53. Rf5 Ne3 54. Nc7
Nxg4 55. Nb5 a5 56. Nc7 Rg6 57. Rf3 Ne3+ 58. Kf2 Nc4 59. Rxh3 Rf6+ 60. Kg3 Nb2
61. Kh4 Rf4+ 62. Kh5 Rxe4 63. Rg3+ Kf8 64. Nb5 Nxa4 65. Nc7 c4 66. Ne6+ Ke7 67.
Ng7 Re2 68. Nf5+ Ke8 69. Rg8+ Kd7 70. Rg7 Rxh2+ 71. Kg6 Ke8 72. Rg8+ Kd7 73. Ne3
Nd8 74. Rg7+ Kc8 75. Nxc4 Nb7 76. Rg8+ Kc7 77. Rg7+ Kb8 78. Rg8+ Ka7 79. Rg7 b5
80. Nxd6 Nc5 81. Nxb5+ Kb6 82. Nc3 e4 83. Na4+ Nxa4 84. Rd7 e3 85. d6 e2 86. Rd8
e1=Q 87. d7 Qe6+ 88. Kg7 Nxd8 89. Kf8 Qf7# 0-1

[Event "Challenge"]
[Site "http://www.queenalice.com/game.php?id=1805973"]
[Date "2023.2.12"]
[Round "-"]
[White "Renie"]
[Black "Racey"]
[Result "0-1"]
[WhiteElo "1513"]
[BlackElo "1545"]

1. c4 e5 2. Nc3 Qf6 3. Ne4 Qc6 4. d3 f5 5. Ng3 f4 6. Ne4 h5 7. e3 fxe3 8. Bxe3
Bb4+ 9. Bd2 Be7 10. Bc3 Bf6 11. Nf3 d6 12. d4 Qxe4+ 13. Be2 exd4 14. Nxd4 h4 15.
O-O c5 16. Bd3 Qf4 17. Ne2 Qg4 18. Bxf6 Nxf6 19. h3 Qg5 20. Nc3 a5 21. Qe1+ Kf7
22. f4 Qg3 23. Qd2 a4 24. Qf2 Qxf2+ 25. Rxf2 Re8 26. a3 Re3 27. Bc2 Bd7 28. Rd1
Ke7 29. Rfd2 Ne8 30. Nd5+ Ke6 31. Nxe3 Ke7 32. Re1 b5 33. Nd5+ Kd8 34. Nb6 Ra6
35. Nxd7 Nxd7 36. Rde2 Nef6 37. Bd3 Nh5 38. Re8+ Kc7 39. Rg8 Nxf4 40. Bf1 Nh5
41. Ree8 bxc4 42. Bxc4 Rb6 43. Be6 Rxb2 44. Rc8+ Kb7 45. Bxd7 Rb1+ 46. Kf2 Rb2+
47. Kf3 Nf6 48. Rb8+ Kc7 49. Rxb2 Nxg8 50. Bxa4 g5 51. Kg4 d5 52. Kxg5 d4 53.
Rc2 Kd6 54. Kxh4 d3 55. Rd2 c4 56. Bb5 Kc5 57. Ba4 Nf6 58. Rf2 Ne4 59. Rf5+ Kd4
60. g4 c3 61. Bc6 Nd2 62. Rd5+ Kc4 63. a4 c2 64. Re5 c1=Q 65. Bb5+ Kd4 66. Re7
Nf3+ 67. Kg3 Ng5 68. Rd7+ Ke3 69. Kh4 Nf3+ 70. Kh5 Qc5+ 71. Kg6 Qg5+ 72. Kh7
Qh4+ 73. Kg6 Qxh3 74. Re7+ Kd2 75. g5 Nh4+ 76. Kg7 Qg4 77. Re5 Kc3 78. Rd5 d2
79. a5 Qe6 80. Rd8 Qg6+ 81. Kf8 Qxg5 82. Rd6 Qxb5 83. Rh6 Qb4+ 0-1

[Event "Challenge"]
[Site "http://www.queenalice.com/game.php?id=1812401"]
[Date "2023.5.23"]
[Round "-"]
[White "WLAO"]
[Black "Racey"]
[Result "1-0"]
[WhiteElo "1503"]
[BlackElo "1560"]

1. e4 e5 2. Nf3 c5 3. Nxe5 Bd6 4. Qh5 Nh6 5. Nxf7 Nxf7 6. Bc4 g6 7. Qd5 Rf8 8.
O-O h5 9. d4 cxd4 10. Qxd4 g5 11. Be3 g4 12. Bh6 Nxh6 13. Qxd6 Nf7 14. Bxf7+
Rxf7 15. Qe5+ 1-0

[Event "AUTO-INT-3850"]
[Site "http://www.queenalice.com/game.php?id=1824300"]
[Date "2023.10.31"]
[Round "1"]
[White "game"]
[Black "Racey"]
[Result "1-0"]
[WhiteElo "1517"]
[BlackElo "1534"]

1. e3 e5 2. Nf3 e4 3. Ne5 Qf6 4. d4 h5 5. Bc4 Ke7 6. O-O h4 7. f4 Nh6 8. Qh5 g6
9. Qe2 a5 10. Nc3 Qf5 11. Nd5+ Kd6 12. Nc3 a4 13. b4 a3 14. Nb5+ Ke7 15. Bxa3
Na6 16. Nc3 Nb8 17. Nd5+ Kd6 18. Bb2 f6 19. g4 Qe6 20. f5 gxf5 21. Nxc7 Qe7 22.
Nf7+ Nxf7 23. Nxa8 Ng5 24. b5 fxg4 25. Qf2 Nh3+ 26. Kh1 Nxf2+ 27. Rxf2 h3 28.
Ba3# 1-0

[Event "AUTO-INT-3850"]
[Site "http://www.queenalice.com/game.php?id=1824301"]
[Date "2023.10.31"]
[Round "1"]
[White "Racey"]
[Black "game"]
[Result "0-1"]
[WhiteElo "1517"]
[BlackElo "1572"]

1. e4 e5 2. Bc4 Nf6 3. Qf3 d6 4. h4 Nc6 5. a4 Nd4 6. Qd3 Ng4 7. b4 Qf6 8. f3 Nh6
9. c3 Nc6 10. b5 Na5 11. Bd5 c6 12. c4 cxd5 13. cxd5 Qg6 14. Qe2 Be7 15. h5 Qg3+
16. Kd1 Nb3 17. Ra3 Nd4 18. Qf1 a6 19. b6 a5 20. Ne2 Nxe2 21. Qxe2 f5 22. Nc3
Ra6 23. Rh3 Qf4 24. d3 Qxc1+ 25. Kxc1 fxe4 26. Rg3 Nf5 27. Qf2 Bh4 28. Nxe4 Nxg3
29. Nxg3 O-O 30. Rc3 Bf6 31. Ne4 Bd8 32. Rxc8 Bxb6 33. Qc2 Be3+ 34. Kd1 b5 35.
axb5 Rb6 36. Ke2 Bf4 37. Qc4 a4 38. Rc7 a3 39. Ra7 Rfb8 40. Qc7 h6 41. Rxa3 Rxb5
42. Qxd6 Rb1 43. Nc3 R8b2# 0-1

[Event "AUTO-INT-3850"]
[Site "http://www.queenalice.com/game.php?id=1824314"]
[Date "2023.10.31"]
[Round "1"]
[White "Racey"]
[Black "Rocio"]
[Result "1-0"]
[WhiteElo "1503"]
[BlackElo "1539"]

1. e4 e5 2. Bc4 h6 3. Qh5 g6 4. Qxe5+ Ne7 5. a4 Rg8 6. d4 d6 7. Qa5 Nbc6 8. Qb5
Rb8 9. d5 a6 10. Qb3 Ne5 11. Be2 Bd7 12. f4 Ng4 13. h3 Nf6 14. Nc3 c5 15. a5 Bg7
16. g4 Rc8 17. Be3 Rb8 18. g5 hxg5 19. fxg5 Nh7 20. Nd1 Rh8 21. h4 Be5 22. c4
Rg8 23. Nf3 Bg3+ 24. Kd2 f6 25. Rg1 Be5 26. Nf2 Qc7 27. gxf6 Bxf6 28. Rh1 Kf7
29. h5 Nf8 30. h6 g5 31. h7 Rh8 32. Nxg5+ Ke8 33. Bh5+ Kd8 34. Nf7+ Kc8 35. Bh6
Rxh7 36. Bxf8 Ng8 37. Nxd6+ Kd8 38. Bg6 Rxh1 39. Nxh1 Be7 40. Nf7+ Ke8 41. Bg7
Qf4+ 42. Qe3 Qg4 43. Ne5+ Kd8 44. Nxg4 Bxg4 45. Qf4 Rc8 46. Qxg4 Kc7 47. Bf5 b6
48. Bxc8 bxa5 49. Qd7+ Kb6 50. Qc6+ Ka7 51. Qb7# 1-0

[Event "AUTO-INT-3850"]
[Site "http://www.queenalice.com/game.php?id=1824315"]
[Date "2023.10.31"]
[Round "1"]
[White "Rocio"]
[Black "Racey"]
[Result "1-0"]
[WhiteElo "1532"]
[BlackElo "1520"]

1. e4 e5 2. h3 g5 3. Nf3 Bd6 4. d3 h5 5. Bxg5 f6 6. Bh4 a5 7. Nc3 Bb4 8. Be2 Nh6
9. a3 Bc5 10. Nd5 Be7 11. Qd2 b5 12. O-O c6 13. Nxe7 Qxe7 14. Nh2 Nf7 15. b3 c5
16. Nf3 Nc6 17. c4 Ba6 18. a4 b4 19. d4 exd4 20. Bd3 Nfe5 21. Nh2 Ng6 22. Bg3 h4
23. Bc7 Rc8 24. Bf4 Nf8 25. Qe2 Na7 26. e5 fxe5 27. Bxe5 Rh6 28. Qg4 Qxe5 29.
Rfe1 Qe7 30. Rxe7+ Kxe7 31. Qg7+ Ke8 32. Qxh6 Rc6 33. Qh5+ Ke7 34. Re1+ Re6 35.
Qxh4+ Kd6 36. Qf4+ Ke7 37. Qg5+ Kf7 38. Qh5+ Ke7 39. Qxc5+ Kf7 40. Nf3 Nc6 41.
Ng5+ Ke8 42. Rd1 Re5 43. Qb6 Rxg5 44. Re1+ Ne6 45. Qxa6 Kf7 46. Qc8 Ne5 47. Bc2
d3 48. Bd1 Nf4 49. g3 d2 50. Re4 Nxh3+ 51. Kh2 Nxf2 52. Rf4+ Ke6 53. Rxf2 Nd3
54. Qe8+ Kd6 55. Rf6+ Kc7 56. Qe7 Nc5 57. Qd6+ Kc8 58. Rf8+ Kb7 59. Rb8+ Ka7 60.
Qb6# 1-0

[Event "AUTO-INT-3850"]
[Site "http://www.queenalice.com/game.php?id=1824316"]
[Date "2023.10.31"]
[Round "1"]
[White "Racey"]
[Black "Jomaley"]
[Result "1-0"]
[WhiteElo "1501"]
[BlackElo "1606"]

1. e4 e5 2. Bc4 Nh6 3. Qh5 Qf6 4. g4 g6 5. Qh3 Bc5 6. Qxh6 Qxf2+ 7. Kd1 Qg2 8.
Qg7 Rf8 9. Qxe5+ Kd8 10. Qxc5 d6 11. Qd4 Qxh1 12. h3 Be6 13. Bf1 Qh2 14. b4 b5
15. Nf3 Qf4 16. Be2 Qg3 17. d3 Qxh3 18. Qf6+ Kd7 19. g5 Na6 20. Bd2 Rae8 21. d4
Bc4 22. e5 Bxe2+ 23. Kxe2 Qg2+ 24. Kd3 Qh3 25. Na3 Re6 26. Qf4 Qf5+ 27. Ke2 Qxf4
28. Bxf4 Nxb4 29. Bd2 Nd5 30. Nxb5 a6 31. Na3 Rh8 32. c4 Nb6 33. Ba5 dxe5 34.
dxe5 h5 35. c5 Nd5 36. Rd1 c6 37. Nc4 h4 38. Nb6+ Ke7 39. Nxd5+ cxd5 40. Rxd5 h3
41. Nh2 Rh5 42. Bd8+ Ke8 43. a4 Rxe5+ 44. Rxe5+ Kxd8 45. c6 Kc7 46. Rc5 Rh4 47.
a5 Re4+ 48. Kf3 f5 49. gxf6 Re8 50. Kg4 Re2 51. Kxh3 Rf2 52. Ng4 Rf3+ 53. Kh4
Kd6 54. c7 Kxc5 55. c8=Q+ Kb5 56. Qd8 Rf4 57. Qb6+ Ka4 58. Qxa6 Rxg4+ 59. Kxg4
g5 60. f7 1-0

[Event "AUTO-INT-3850"]
[Site "http://www.queenalice.com/game.php?id=1824317"]
[Date "2023.10.31"]
[Round "1"]
[White "Jomaley"]
[Black "Racey"]
[Result "0-1"]
[WhiteElo "1417"]
[BlackElo "1488"]

1. e4 e5 2. d3 Bc5 3. h4 Qf6 4. f3 h5 5. Ne2 a5 6. Bg5 Qb6 7. b3 Bf2+ 8. Kd2
Qb4+ 9. c3 Qc5 10. d4 Qb5 11. dxe5 Qxe5 12. g4 hxg4 13. fxg4 Qxe4 14. Rh2 Bc5
15. Nd4 Bxd4 16. cxd4 Qxd4+ 17. Bd3 Qxa1 18. Qe1+ Kf8 19. Nc3 Qb2+ 20. Bc2 f6
21. Bf4 c5 22. Bd6+ Kf7 23. g5 Nc6 24. Bxc5 fxg5 25. Rf2+ Nf6 26. hxg5 Rh5 27.
Ke3 Rh3+ 28. Rf3 d6 29. Rxh3 Qxc2 30. g6+ Kxg6 31. Rg3+ Kf7 32. Bxd6 Qf5 33. Qd2
g5 34. Ne4 Qxe4+ 35. Kf2 g4 36. Re3 Qf5+ 37. Ke1 b5 38. Qc1 Nd4 39. Re7+ Kg6 40.
Re5 Nf3+ 41. Kd1 Qd3+ 0-1

[Event "Challenge"]
[Site "http://www.queenalice.com/game.php?id=1826362"]
[Date "2023.12.2"]
[Round "-"]
[White "Racey"]
[Black "PRZ"]
[Result "0-1"]
[WhiteElo "1504"]
[BlackElo "1515"]

1. e4 c5 2. Bc4 e6 3. h4 Nc6 4. f4 Nf6 5. Nc3 d5 6. Bd3 d4 7. Nb5 e5 8. f5 Nb4
9. Nf3 Nxd3+ 10. cxd3 Ng4 11. Ng5 Be7 12. Nf3 a6 13. Na3 g6 14. h5 Qa5 15. Nc4
Qc7 16. hxg6 fxg6 17. fxg6 h6 18. a4 Rg8 19. a5 Rxg6 20. Qa4+ Bd7 21. Qb3 O-O-O
22. Rh5 Rg5 23. Rxg5 hxg5 24. Nb6+ Kb8 25. Qf7 Bb5 26. Qb3 Rh8 27. Ke2 Qc6 28.
Nd5 c4 29. Qc2 cxd3+ 30. Qxd3 Bxd3+ 31. Kxd3 Bf8 32. Nxe5 Nxe5+ 33. Kxd4 Bg7 34.
Ke3 Rh1 35. d4 Ng4+ 36. Kf3 Qe6 37. b4 Bxd4 38. Rb1 Nf6 39. Nxf6 Qxf6+ 40. Kg4
Bf2 41. Bxg5 Qe6+ 42. Kf3 Rxb1 43. Kxf2 Qb3 44. Bf4+ Ka8 45. e5 Rb2+ 46. Ke1
Qxb4+ 47. Kd1 Qxf4 48. e6 Qd2# 0-1